000 00588nam a22001817a 4500
005 20251108165243.0
008 250721s1980 xx 000 0 ara d
082 1 4 _a552/عبد
100 1 _aالسياب، عبد الله شاكر
245 1 0 _aعلم الطبقات :
_bالستراتيغرافيا /
264 1 _aبغداد :
_bوزارة التعليم العالي و البحث العلمي،
_c1980.
300 _a349ص
650 1 7 _aالصخور
650 1 7 _aعلم طبقات الأرض
700 1 _aالجاسم، جاسم علي
942 _2ddc
_cBK
999 _c23319
_d23319